| 000 | 00564nam a2200181 i 4500 | ||
|---|---|---|---|
| 001 | 55145 | ||
| 003 | ES-MaACL | ||
| 005 | 20230906163106.0 | ||
| 007 | t| | ||
| 008 | 030915s1969 sp ||||1| spa d | ||
| 100 | 1 |
_aDelicado Baeza, José. _943513 |
|
| 245 | 1 | 0 |
_aParroquia y laicado / _cJosé Delicado Baeza ; prólogo, Mauro Rubio. |
| 250 | _a2ª ed. ref. y enriquecida con la Doctrina Conciliar. | ||
| 260 |
_aMadrid : _bAcción Católica, _c[1969] |
||
| 300 |
_a235 p. ; _c21 cm. |
||
| 700 | 1 |
_aRubio, Mauro. _9100368 |
|
| 852 |
_aES-MaACL _jC-46846 _bR.70689 |
||
| 999 |
_c55145 _d55145 |
||